A budapesti szecessziós épületek jelentősége a főváros turizmusában
| Szerző: | |
|---|---|
| További közreműködők: | |
| Dokumentumtípus: | Záródolgozat |
| Kulcsszavak: | Turizmus, kulturális Szecesszió Építészet, Budapest Tematikus séta |
| Online Access: | http://dolgozattar.uni-bge.hu/55937 |
MARC
| LEADER | 00000nta a2200000 i 4500 | ||
|---|---|---|---|
| 001 | dolg55937 | ||
| 005 | 20250701103808.0 | ||
| 008 | 240826suuuu hu o 000 hun d | ||
| 040 | |a BGE Dolgozattár Repozitórium |b hun | ||
| 041 | |a hu | ||
| 100 | 1 | |a Hegedűs Vivien | |
| 245 | 1 | 2 | |a A budapesti szecessziós épületek jelentősége a főváros turizmusában |c Hegedűs Vivien |h [elektronikus dokumentum] |
| 516 | |a Final_paper | ||
| 695 | |a Turizmus, kulturális | ||
| 695 | |a Szecesszió | ||
| 695 | |a Építészet, Budapest | ||
| 695 | |a Tematikus séta | ||
| 700 | 1 | |a Schultz Éva |e ths | |
| 856 | 4 | 0 | |u http://dolgozattar.uni-bge.hu/55937/1/Heged%C5%B1s%20Vivien.pdf |z Dokumentum-elérés |